| Tag |
First Indicator |
Second Indicator |
Subfields |
| LEADER |
00000cam a2200000Ia 4500 |
| 001 |
in00002381021 |
| 005 |
20151109042707.0 |
| 008 |
070608s2008 enka b 001 0 eng d |
| 020 |
|
|
|a 9781860947797 (pbk.)
|
| 020 |
|
|
|a 1860947794 (pbk.)
|
| 020 |
|
|
|a 1860947786
|
| 020 |
|
|
|a 9781860947780
|
| 029 |
0 |
|
|a YDXCP
|b 2542758
|
| 035 |
|
|
|a (OCoLC)ocn141384799
|
| 035 |
|
|
|a (OCoLC)141384799
|
| 040 |
|
|
|a YDXCP
|c YDX
|d BTCTA
|d BAKER
|d YDXCP
|d UAT
|d TXA
|d UtOrBLW
|
| 049 |
|
|
|a TXAM
|
| 050 |
|
4 |
|a QA913
|b .C37 2008
|
| 100 |
1 |
|
|a Cant, R. S.
|
| 245 |
1 |
3 |
|a An introduction to turbulent reacting flows /
|c R.S. Cant, E. Mastorakos.
|
| 264 |
|
1 |
|a London :
|b Imperial College Press ;
|a Singapore ;
|c [2008]
|
| 264 |
|
2 |
|a Hackensack, NJ :
|b Distributed by World Scientific,
|
| 264 |
|
4 |
|c ©2008
|
| 300 |
|
|
|a xiii, 177 pages :
|b illustrations ;
|c 23 cm.
|
| 336 |
|
|
|a text
|b txt
|2 rdacontent
|
| 337 |
|
|
|a unmediated
|b n
|2 rdamedia
|
| 338 |
|
|
|a volume
|b nc
|2 rdacarrier
|
| 504 |
|
|
|a Includes bibliographical references (pages 165-174) and index.
|
| 650 |
|
0 |
|a Turbulence
|x Mathematical models.
|
| 650 |
|
0 |
|a Combustion
|x Mathematical models.
|
| 700 |
1 |
|
|a Mastorakos, E.
|
| 938 |
|
|
|a Baker and Taylor
|b BTCP
|n BK0007137385
|
| 938 |
|
|
|a Baker & Taylor
|b BKTY
|c 25.00
|d 25.00
|i 1860947794
|n 0007137385
|s active
|
| 938 |
|
|
|a YBP Library Services
|b YANK
|n 2542758
|
| 945 |
|
|
|a PromptCat
|b 386335
|
| 946 |
|
|
|a stk
|
| 947 |
|
|
|a A14836856826
|
| 994 |
|
|
|a C0
|b TXA
|
| 948 |
|
|
|a cataloged
|b h
|c 2008/4/17
|d c
|e nbehmer
|f 3:22:49 pm
|
| 999 |
|
|
|a MARS
|
| 999 |
f |
f |
|s b610007c-edcf-364a-9c3d-7cd5190da9cf
|i ff0d89ec-237f-3346-b4e1-f8f8a3177d4f
|t 0
|
| 952 |
f |
f |
|p normal
|a Texas A&M University
|b College Station
|c Sterling C. Evans Library
|s Evans stk
|d Evans: Library Stacks
|t 0
|e QA913 .C37 2008
|h Library of Congress classification
|i unmediated -- volume
|m A14836856826
|
| 998 |
f |
f |
|a QA913 .C37 2008
|t 0
|l Evans: Library Stacks
|